000
00337nam a2200145Ia 4500
008
240112s2015 xx 000 0 und d
022
_a
900036
041
_a
eng
082
_a
614
100
_a
HEYMANN D.L.
245
_a
AMERICAN JOU.OF PUBLIC HEALTH
260
_b
APHA
_c
2015
300
_a
1805-2176
_c
AUG,SUP,OCT
440
_v
105
999
_c
1144643
_d
1144643